The noble scholar, jurist, historian


 His Excellency Dr. Abdul Wahhab bin Ibrahim Abu Sulaiman, may Allah have mercy on him.


 He was born in Umm Al-Qura in the year 1356 AH.

القواعد الفقهية بين التأصيل والتطبيق : (Record no. 3231)

MARC details
000 -LEADER
fixed length control field 02597cam a2200337 i 4500
003 - CONTROL NUMBER IDENTIFIER
control field SA-RiAUC
005 - DATE AND TIME OF LATEST TRANSACTION
control field 20241210063257.0
008 - FIXED-LENGTH DATA ELEMENTS--GENERAL INFORMATION
fixed length control field 241209s2008 mk g f10000 ara c
024 0# - OTHER STANDARD IDENTIFIER
Standard number or code 00000000979145
040 ## - CATALOGING SOURCE
Original cataloging agency QA-DoFIS
Language of cataloging ara
Transcribing agency SA-RiAUC.
Modifying agency AE-DuMBRL
Description conventions rda
043 ## - GEOGRAPHIC AREA CODE
Geographic area code a-mk---
050 #4 - LIBRARY OF CONGRESS CALL NUMBER
Item number N33 2004
082 04 - DEWEY DECIMAL CLASSIFICATION NUMBER
Classification number 251.6
Assigning agency SA-RiAUC
090 ## - LOCALLY ASSIGNED LC-TYPE CALL NUMBER (OCLC); LOCAL CALL NUMBER (RLIN)
Classification number (OCLC) (R) ; Classification number, CALL (RLIN) (NR) 251.6
Local cutter number (OCLC) ; Book number/undivided call number, CALL (RLIN) ن د و
111 2# - MAIN ENTRY--MEETING NAME
Meeting name or jurisdiction name as entry element ندوة تطور العلوم الفقهية في عمان
Number of part/section/meeting (3 :
Date of meeting or treaty signing 2004 :
Location of meeting مسقط)
245 12 - TITLE STATEMENT
Title القواعد الفقهية بين التأصيل والتطبيق :
Remainder of title بحوث ندوة تطور العلوم الفقهية في عمان خلال القرن الرابع الهجري : القواعد الشرعية أنموذجا /
Statement of responsibility, etc. وزارة الأوقاف والشؤون الدينية ؛ تنسيق ومراجعة مصطفى بن صالح باجو.
250 ## - EDITION STATEMENT
Edition statement الطبعة الثانية.
264 #1 - PRODUCTION, PUBLICATION, DISTRIBUTION, MANUFACTURE, AND COPYRIGHT NOTICE
Place of production, publication, distribution, manufacture مسقط :
Name of producer, publisher, distributor, manufacturer وزارة الأوقاف والشؤون الدينية،
Date of production, publication, distribution, manufacture, or copyright notice 2008.
300 ## - PHYSICAL DESCRIPTION
Extent 344 صفحة ؛
Dimensions 24 × 17 سم
336 ## - CONTENT TYPE
Content type term نص
Content type code txt
Source rdacontent
Materials specified كتاب
337 ## - MEDIA TYPE
Media type term بدون وسيط
Media type code n
Source rdamedia
338 ## - CARRIER TYPE
Carrier type term مجلد
Carrier type code nc
Source rdacarrier
520 ## - SUMMARY, ETC.
Summary, etc. يتناول كتاب (القواعد الفقهية بين التأصيل والتطبيق) والذي قام بتأليفه د. مصطفى بن صالح باجو، موضوع (القواعد الفقهية) هذا الكتاب يقدم بحوث ندوة تطور العلوم القهية في عمان خلال القرن الرابع الهجري، "القواعد الشرعية أنموذجا"، وقد سعت وزارة الأوقاف والشؤون الدينية بسلطنة عمان إلى التعريف بجهود هؤلاء العلماء في هذا الميدان الهام، من خلال عرض أبحاثهم التي تضمنها هذا الكتاب، لتثمين هذه البحوث ووضعها بين أيدي الدارسين، حتى تغدو مراجع ترشد الباحثين، وترفد المثقفين بهذا الزاد المعرفي الرصين.
650 #7 - SUBJECT ADDED ENTRY--TOPICAL TERM
Topical term or geographic name entry element الفقه الإسلامي
Geographic subdivision عمان (سلطنة)
Form subdivision مؤتمرات
Source of heading or term aucsh
650 #7 - SUBJECT ADDED ENTRY--TOPICAL TERM
Topical term or geographic name entry element أصول الفقه الإسلامي
Form subdivision مؤتمرات
Source of heading or term aucsh
700 1# - ADDED ENTRY--PERSONAL NAME
Personal name باجو، مصطفى،
Dates associated with a name 1964-
Relator term منسق.
710 1# - ADDED ENTRY--CORPORATE NAME
Corporate name or jurisdiction name as entry element عمان (سلطنة).
Subordinate unit وزارة الأوقاف والشؤون الدينية
Relator term منظم.
942 ## - ADDED ENTRY ELEMENTS (KOHA)
Source of classification or shelving scheme Dewey Decimal Classification
Koha item type Books
Suppress in OPAC No
949 ## - LOCAL PROCESSING INFORMATION (OCLC)
a SA-JeALM
d 241209
u osman123
n 1
Holdings
Withdrawn status Lost status Source of classification or shelving scheme Damaged status Not for loan Home library Current library Date acquired Total checkouts Full call number Barcode Date last seen Price effective from Koha item type
    Dewey Decimal Classification     DR AbdElwahab Library DR AbdElwahab Library 12/10/2024   251.6 ن د و 000005052 12/10/2024 12/10/2024 Books